000 00760cam a2200253 4500
001 M94270
008 090401t1998 xxu||||| |||| 00| 0 eng d
035 _a(Sirsi) u88886
041 _aeng
050 _a711.73
110 _aWS Atkins Planning Consutants
_93318
245 4 _aThe travel effects of park and ride.
260 _aEpsom, Surrey
_bWS Atkins
_c1998
300 _axii,(60)p. ; 30cm.
350 _a18
520 _aStudy undertaken by WS Atkins Planning Consultants on behalf of DETR.
650 _aCAR PARKING
650 _aCAR USE
650 _aPARK AND RIDE
690 _aTRANSPORT AND COMMUNICATIONS
710 _aUnited Kingdom
_bDepartment of the Environment, Transport and the Regions
_93507
942 _n0
948 _c08/10/1998
999 _c97396
_d97396